| 000 | 00513pab a2200169 454500 | ||
|---|---|---|---|
| 008 | 180718b2014 xxu||||| |||| 00| 0 eng d | ||
| 100 | _aRaju, Indukari Satyanarayana | ||
| 245 | _aMapping and assessment of behavioural competencies of deputy executive engineers-360 degrees approach | ||
| 260 | _c2014 | ||
| 300 | _ap.9-24. | ||
| 362 | _aJul-Sep | ||
| 650 | _aHuman resources development | ||
| 700 | _aMasthan, D. | ||
| 773 | _aIndian Journal of Training and Development | ||
| 908 | _aN | ||
| 909 | _a105864 | ||
| 999 |
_c105859 _d105859 |
||